| 000 | 00821nmc a2200301 a 4500 | ||
|---|---|---|---|
| 003 | AR-BaBNM | ||
| 005 | 20251128210850.0 | ||
| 008 | 176020s1997 ||||||||||||||000 | spa|| | ||
| 020 | _a84-8063-249-6 | ||
| 040 | _cAR-BaBNM | ||
| 245 | 1 | 0 |
_aMester de Juglaría _b; Poema de Mío Cid : selección) |
| 250 | _a1ª ed. | ||
| 260 |
_aBarcelona _bEdiciones Octaedro _c1997 |
||
| 300 | 0 | _a61 p. | |
| 490 | 0 | _aColección Vademécum. v. 1 | |
| 521 | _aSECUNDARIO | ||
| 650 | 4 | _aEDUCACION | |
| 650 | 4 | _aLITERATURA ESPANOLA | |
| 650 | 4 | _aACTIVIDADES DE APRENDIZAJE | |
| 650 | 4 | _aTRADICION ORAL | |
| 650 | 4 | _aLITERATURA MEDIEVAL | |
| 653 | 0 | _aEPICA | |
| 653 | 0 | _aMESTER DE JUGLARIA | |
| 700 | 1 |
_aQuiñonero Hernández, José _eselección |
|
| 740 | 0 | _aPoema de Mío Cid | |
| 942 | _cBK | ||
| 998 | _cme-solo cat | ||
| 999 |
_c17219 _d17219 |
||